Home Print Resources E-Books E-Journals IIMT Lecture Series Library Membership Form Book Recommendation Form Campus Tour Take AdmissionAbout Us Contact Us

Mechanical Engineering (Record no. 66757)

000 -LEADER
fixed length control field 00397nam a22001577a 4500
003 - CONTROL NUMBER IDENTIFIER
control field OSt
005 - DATE AND TIME OF LATEST TRANSACTION
control field 20251108154405.0
008 - FIXED-LENGTH DATA ELEMENTS--GENERAL INFORMATION
fixed length control field 251108b |||||||| |||| 00| 0 eng d
020 ## - INTERNATIONAL STANDARD BOOK NUMBER
International Standard Book Number 9789355014450
040 ## - CATALOGING SOURCE
Transcribing agency IIMT UNIVERSITY, MEERUT
100 ## - MAIN ENTRY--PERSONAL NAME
Personal name R S Khurmi, J K Gupta
245 ## - TITLE STATEMENT
Title Mechanical Engineering
260 ## - PUBLICATION, DISTRIBUTION, ETC.
Place of publication, distribution, etc. NEW DELHI
Name of publisher, distributor, etc. S. Chand Publishing
Date of publication, distribution, etc. 2023
300 ## - PHYSICAL DESCRIPTION
Extent 657
942 ## - ADDED ENTRY ELEMENTS (KOHA)
Source of classification or shelving scheme
Koha item type Book Bank
Holdings
Withdrawn status Lost status Source of classification or shelving scheme Damaged status Not for loan Home library Current library Date acquired Source of acquisition Inventory number Barcode Date last seen Uniform Resource Identifier Price effective from Koha item type
          IIMT University Central Library Meerut IIMT University Central Library Meerut 11/08/2025 R.LALL BOOK DEPOT DE/IN/78899,08/11/2025 01-B-146052 11/08/2025 mechnical engineering 11/08/2025 Book Bank
          IIMT University Central Library Meerut IIMT University Central Library Meerut 11/08/2025 R.LALL BOOK DEPOT DE/IN/78899,08/11/2025 01-B-146053 11/08/2025 mechnical engineering 11/08/2025 Book Bank
          IIMT University Central Library Meerut IIMT University Central Library Meerut 11/08/2025 R.LALL BOOK DEPOT DE/IN/78899,08/11/2025 01-B-146054 11/08/2025 mechnical engineering 11/08/2025 Book Bank
          IIMT University Central Library Meerut IIMT University Central Library Meerut 11/08/2025 R.LALL BOOK DEPOT DE/IN/78899,08/11/2025 01-B-146055 11/08/2025 mechnical engineering 11/08/2025 Book Bank
          IIMT University Central Library Meerut IIMT University Central Library Meerut 11/08/2025 R.LALL BOOK DEPOT DE/IN/78899,08/11/2025 01-B-146056 11/08/2025 mechnical engineering 11/08/2025 Book Bank
IIMT, Central Library. All Rights Reserved IIMT,UNIVERSITY © 2023
Implemented and Customised by I CLOUDE EMS
You Are OPAC Visitor No
free web counter

Powered by Koha